| 000 | 00730nam a2200253Ia 4500 | ||
|---|---|---|---|
| 003 | OSt | ||
| 005 | 20221005073708.0 | ||
| 006 | a|||||r|||| 00| 0 | ||
| 007 | ta | ||
| 008 | 221004b |||||||| |||| 00| 0 eng d | ||
| 024 | _a23351 | ||
| 037 | _cTextual | ||
| 040 |
_aCRL _cCRL _beng |
||
| 041 |
_2eng _aeng |
||
| 082 | _aA0aYp2,N78, L8 | ||
| 110 |
_aNEW DELHI, INDIAN NATIONAL SCIENCE ACADEMY _9608221 |
||
| 245 | 0 |
_aScience and its impact on society _b Indian experience |
|
| 260 |
_aNew Delhi _bINSA India _c1978 |
||
| 300 |
_a264p. _ccm. |
||
| 650 | _aSCIENCE | ||
| 700 |
_aNEW DELHI, INDIAN NATIONAL SCIENCE ACADEMY _9608222 |
||
| 942 |
_hA0aYp2,N78, L8 _cTEXL _2cc |
||
| 999 |
_c981553 _d981553 |
||